书目信息 |
| 题名: |
少林十三路鹰爪拳
|
|
| 作者: | 杨维 著 | |
| 分册: | ||
| 出版信息: | 成都 四川科学技术出版社 2010 |
|
| 页数: | 329页 | |
| 开本: | 22cm | |
| 丛书名: | 中国武术绝招丛书 | |
| 单 册: | ||
| 中图分类: | G852.151.9 | |
| 科图分类: | ||
| 主题词: | 少林拳--套路(武术) , 少林拳 , 套路(武术) | |
| 电子资源: | ||
| ISBN: | 978-7-5364-7022-4 | |
| 000 | 00749oam2 2200265 45 | |
| 001 | 1130723406 | |
| 005 | 20110310094914.54 | |
| 010 | @a978-7-5364-7022-4@dCNY22.00 | |
| 100 | @a20110121d2010 ekmy0chiy0120 ea | |
| 101 | 0 | @achi |
| 102 | @aCN@b510000 | |
| 105 | @aa z 000yy | |
| 106 | @ar | |
| 200 | 1 | @a少林十三路鹰爪拳@AShao Lin Shi San Lu Ying Zhua Quan@f杨维著@FYang Wei Zhu |
| 210 | @a成都@c四川科学技术出版社@d2010 | |
| 215 | @a329页@c图@d22cm | |
| 225 | 2 | @a中国武术绝招丛书 |
| 461 | 0 | @12001 @a中国武术绝招丛书 |
| 606 | 0 | @a少林拳@x套路(武术) |
| 606 | 0 | @a少林拳 |
| 606 | 0 | @a套路(武术) |
| 690 | @aG852.151.9@v4 | |
| 701 | 0 | @a杨维@AYang Wei@4著 |
| 801 | 0 | @aCN@bTANGWEI@c20110310 |
| 905 | @b0531721-23@dG852.151.9@e196@f3 | |
| 少林十三路鹰爪拳/杨维著.-成都:四川科学技术出版社,2010 |
| 329页:图;22cm.-(中国武术绝招丛书) |
| ISBN 978-7-5364-7022-4:CNY22.00 |
| ● |
| 相关链接 |
|
|
|
|
正题名:少林十三路鹰爪拳
索取号:G852.151.9/196
 
预约/预借
| 序号 | 登录号 | 条形码 | 馆藏地/架位号 | 状态 | 备注 |
| 1 | 0531721 | 205317218 | 第一样本阅览室/ [索取号:G852.151.9/196] | 在馆 | |
| 2 | 0531722 | 205317227 | 密集书库-体育系/ [索取号:G852.151.9/196] | 在馆 | |
| 3 | 0531723 | 205317236 | 第四借阅区/ [索取号:G852.151.9/196] | 在馆 |